000 00828nam a2200229Ia 4500
005 20241129105934.0
008 241129s9999||||xx |||||||||||||| ||und||
020 _a978-93-5518-044-5
037 _aTB
040 _aARTS
_bhin
_cARTS
041 _ahin
_2hin
084 _aO113,3N68,MA 152Q6
_qARTS
100 _aरोसोई, पीटर, ले.
245 0 _aमहानगर एक कोलाहल खण्ड खण्ड पाखण्ड वियना
_cरोसोई, पीटर, ले.
260 _aनयी, भारत
_bनयी वाणी प्रकाशन
_c2022
300 _a327पृ0
365 _aINR
_b599
546 _aTranslated from German to Hindi
650 _aGerman Fiction
_9726667
942 _cTB
_hO113,3N68,MA 152Q6
999 _c1226669
_d1226669